000 00439nam a2200133 4500
999 _c11375
_d11375
008 181117b ||||| |||| 00| 0 eng d
082 _aDPer 050 T48 Apr-June 2016 v. 187, n. 12-24.
100 _932648
_aGehry, Frank
245 _aZaha Hadid:
_btrailblazing architect/
_cFrank Gehry.
260 _aHong Kong;
_bTime Asia,
_cc2016.
300 _av187 n14, page 9:
_billustrations;
_c27 cm.
650 0 _932649
_aCelebrities.
942 _2ddc
_cPER